Normal view
MARC view
- Reece, Dan. W
Entry Corporate Name
001 - CONTROL NUMBER
- control field: 124028
003 - CONTROL NUMBER IDENTIFIER
- control field: NUST
005 - DATE AND TIME OF LATEST TRANSACTION
- control field: 20240703175446.0
008 - FIXED-LENGTH DATA ELEMENTS
- fixed length control field: 240703|| aca||aabn | a|a d
040 ## - CATALOGING SOURCE
- Original cataloging agency: NUST
- Transcribing agency: NUST
110 ## - HEADING--CORPORATE NAME
- Corporate name or jurisdiction name as entry element: Reece, Dan. W
670 ## - SOURCE DATA FOUND
- Source citation: Work cat.: (NUST): Holtzapple, .T Mark 124027, Concepts in Engineering, 2005.
